Statistics for Most Valuable Players of the FIFA World Cup 2022

Click here to take the quiz!

General Stats

  • This quiz has been taken 151 times
  • The average score is 21 of 32

Answer Stats

CountryValue in €PlayerClub% Correct
France160 Mio.Kylian MbappeParis Saint-Germain
100%
Belgium80 Mio.Kevin de BruyneManchester City
92%
Brazil120 Mio.Vinicius Jr.Real Madrid
92%
South Korea70 Mio.Heung-Min SonTottenham Hotspur
89%
England110 Mio.Phil FodenManchester City
88%
Canada70 Mio.Alphonso DaviesFC Bayern München
87%
Wales20 Mio.Ben DaviesTottenham Hotspur
86%
Spain100 Mio.PedriFC Barcelona
86%
Poland45 Mio.Robert LewandowskiFC Barcelona
86%
Senegal60 Mio.Sadio ManéFC Bayern München
85%
USA38 Mio.Christian PulisicChelsea FC
83%
Morocco65 Mio.Achraf HakimiParis Saint-Germain
82%
Argentina75 Mio.Lautaro MartinezInter Milano
82%
Uruguay100 Mio.Federico ValverdeReal Madrid
80%
Germany100 Mio.Jamal MusialaFC Bayern München
79%
Portugal85 Mio.Rafael LeãoAC Milano
79%
Serbia80 Mio.Dusan VlahovicJuventus Turin
78%
Costa Rica5 Mio.Keylor NavasParis Saint-Germain
71%
Netherlands70 Mio.Matthijs de LigtFC Bayern München
70%
Ghana38 Mio.Thomas ParteyArsenal
68%
Denmark45 Mio.Pierre-Emile HöjbjergTottenham Hotspur
62%
Switzerland30 Mio.Manuel AkanjiManchester City
60%
Croatia60 Mio.Josko GvardiolRB Leipzig
56%
Iran20 Mio.Mehdi TaremiFC Porto
53%
Ecuador38 Mio.Moises CaicedoBrighton & Hove Albion
48%
Japan30 Mio.Daichi KamadaEintracht Frankfurt
42%
Mexico35 Mio.Edson AlvarezAjax Amsterdam
37%
Cameroon38 Mio.Frank AnguissaSSC Napoli
34%
Australia5 Mio.Mathew RyanFC København
18%
Tunisia13 Mio.Ellyes Skhiri1.FC Köln
17%
Qatar4 Mio.Akram AfifAl-Sadd SC
15%
Saudi-Arabia2,5 Mio.Sultan Al-GhannamAl-Nassr FC
0%

Score Distribution

Percentile by Number Answered

Percent of People with Each Score

Your Score History

You have not taken this quiz